000 00968nam a2200277 i 4500
001 bg
003 KOSZ 005
005 20200504143726.0
008 081115s1955 pl a f 000 0 pol
015 _aPB 1955/3221
040 _aWA N
_cKOSZ 005/RW
_dKOSZ 005/RW
080 _a624
100 1 _aKryster, Jan.
245 1 0 _aFundamentowanie w budownictwie /
_cJ. Kryster, W. Pawlikowski.
260 _aWarszawa :
_bBudownictwo i Architektura,
_c1955.
300 _a180, [2] s. :
_bil. ;
_c21 cm.
380 _aKsiążki.
504 _aBibliogr. s. [181].
521 8 _aPraca przeznaczona dla robotników wykwalifikowanych, mistrzów i techników budowlanych.
655 4 _aPodręcznik
650 4 _aFundamenty
700 1 _aPawlikowski, Wacław.
710 2 _aBudownictwo i Architektura
_4pbl.
856 _uhttp://koha.tu.koszalin.pl/cgi-bin/koha/opac-detail.pl?biblionumber=11268
_yKatalog online BPK
942 _2UKD
_cKS
999 _c11268
_d11268